=LDR 00000nam 2200000 4500 =001 INLIS000000000036098 =005 20130612141913 =008 ***********************************Ind** =035 ##$$0010-061300000036098 =041 ##$$a Ind =082 ##$$a 028.5 =090 ##$$a 028.5, Tos t =100 ##$$a Tosin, Massa Kerah =245 ##$$a Tokotok-kotok----capek, oleh Massa Kerah Tosin =260 ##$$a 2010 $b Jakarta =300 ##$$a 18 hlm, ilus, 20 cm =650 ##$$a Bacaan kanak-kanak =850 ##$$a NBPNMAT